000 00785cam a22002174a 4500
001 11970491
005 20240829123241.0
008 000411s2001 maua b 001 0 eng
020 _a0072347643
050 0 0 _aBF39
_b.D825 2001
082 0 0 _a150/.1/5195
_221
100 1 _aDunn, Dana.
245 1 0 _aStatistics and data analysis for the behavioral sciences /
_cDana S. Dunn.
260 _aBoston :
_bMcGraw Hill Higher Education,
_cc2001.
300 _axxviii, 582, [138] p. :
_bill. (some col.) ;
_c26 cm.
650 0 _aPsychometrics.
650 0 _aPsychology
_xResearch
_xMethodology.
856 4 2 _3Publisher description
_uhttp://www.loc.gov/catdir/description/mh021/00030546.html
856 4 1 _3Table of contents
_uhttp://www.loc.gov/catdir/toc/mh021/00030546.html
942 _2lcc
_cBK
_n0
999 _c33
_d33